00353nam a2200133Ia 4500003000400000005001700004008004100021040001800062041000800080100006100088110001500149245003500164260002000199OSt20260317114423.0211028s2017 xx 000 0 und d cAIMIT LIBRARY aeng aPrasad, Karapurkar Akshay; Mascarenhas, Vincent.g141723 aVanitha T. aNews Aggregator and analyzer / aMangalorec2017